| 000 | 01466nam a22002777a 4500 | ||
|---|---|---|---|
| 003 | URS | ||
| 005 | 20240711225647.0 | ||
| 008 | 240711b |||||||| |||| 00| 0 eng d | ||
| 020 | _a978-1-4511-8671-0 (alk. paper) | ||
| 040 |
_bEnglish _cURS _erda |
||
| 050 |
_aRM301.28 _b.F756 2014 |
||
| 100 |
_aFord, Susan M., _eauthor. _95856 |
||
| 245 | 0 |
_aRoach's introductory clinical pharmacology / _cSusan M. Ford and Sally S. Roach. |
|
| 250 | _aNinth edition. | ||
| 264 |
_aPhiladelphia : _bWolters Kluwer, _c©2014. |
||
| 300 |
_axvii, 701 pages : _bcolor illustrations ; _c28 cm. |
||
| 336 |
_atext _btxt _2rdacontent |
||
| 337 |
_aunmediated _bn _2rdamedia |
||
| 338 |
_avolume _bnc _2rdacarrier |
||
| 504 | _aIncludes bibliographical references and index. | ||
| 505 | _aNursing foundation of clinical pharmacology -- Drugs used to fight infections -- Drugs used to manage pain -- Drugs that affect the central nervous system -- Drugs that affect the peripheral nervous system -- Drugs that affect the neuromuscular system -- Drugs that affect the respiratory system -- Drugs that effect the cardiovascular system -- Drugs that affect the gastrointestinal system -- Drugs that affect the endocrine system -- Drugs that affect the urinary system -- Drugs that affect the immune system -- Drugs that affect other body systems. | ||
| 650 | 0 |
_aClinical pharmacology. _95857 |
|
| 650 | 0 |
_aNursing. _91023 |
|
| 700 |
_aRoach, Sally S., _eauthor. _95858 |
||
| 942 |
_cFR _2lcc |
||
| 999 |
_c80691 _d80690 |
||